Normal view MARC view
  • Malaysia

Entry Geographic Name

Number of records used in: 1

001 - CONTROL NUMBER

  • control field: 553

003 - CONTROL NUMBER IDENTIFIER

  • control field: OSt

005 - DATE AND TIME OF LATEST TRANSACTION

  • control field: 20170427170551.0

008 - FIXED-LENGTH DATA ELEMENTS

  • fixed length control field: 170427|| aca||aabn | a|a d

040 ## - CATALOGING SOURCE

  • Original cataloging agency: OSt
  • Transcribing agency: OSt

151 ## - HEADING--GEOGRAPHIC NAME

  • Geographic name: Malaysia
  • General subdivision: Officials and employees
  • General subdivision: Salaries, etc.

670 ## - SOURCE DATA FOUND

  • Source citation: Work cat.: (OSt)0: Muhamad Ali Embi, 1968- 552, Cabaran melaksanakan sistem saraan berasaskan merit di sektor awam /, 2006
Pusat Sumber Maklumat Dato' Haji Sarmin Md Hussin, Akademi Kastam Diraja Malaysia, Melaka
Tel: 06-2331106 | Faks: 06-2313787